Les plus gros transferts du football - Avant-centres - Statistiques

Statistiques générales
  • Ce quiz a été pris 136 fois
  • Le résultat moyen est 10 sur 10
Statistiques - réponses
Montant de transfert (M €) Saison Nationalité Venant de Allant à Joueur % Correct
117,00 2018-2019 Portugal Real Madrid Juventus Turin Cristiano Ronaldo
100%
94,00 2009-2010 Portugal Manchester United Real Madrid Cristiano Ronaldo
100%
180,00 2018-2019 France AS Monaco Paris SG Kylian Mbappé
100%
120,00 2019-2020 France Atlètico Madrid Barcelone Antoine Griezmann
98%
95,00 2023-2024 Angleterre Tottenham Bayern Munich Harry Kane
98%
113,00 2021-2022 Belgique Inter Chelsea Romelu Lukaku
98%
84,70 2017-2018 Belgique FC Everton Manchester United Romelu Lukaku
98%
95,00 2023-2024 France Eintracht Francfort Paris SG Randal Kolo Muani
97%
85,00 2022-2023 Uruguay Benfica Liverpool Darwin Núñez
91%
90,00 2016-2017 Argentine Napoli Juventus Turin Gonzalo Higuaín
79%
Aucun quiz correspondant
Distribution des résultats
% des personnes avec chaque résultat
Percentile par nombre de réponses
Votre historique - résultats
Vous n’avez pas pris ce quiz